000 02961nam a2200469Ia 4500
001 dia_7331
003 CHAP
005 20250730173440.0
007 ta
008 220117s2018 mx bdeof 001 0 spa d
040 _amxchpua
_cCHAP
090 _aT.C.765
_bR49 EIUPA
_c2018
245 1 0 _aEstudio integral de una unidad de producción agroindustrial :
_bdepartamento de Boyacá, Colombia /
_ccoordinadora Diana América Reyna Izaguirre ; colaboradores Lucero Isaura Almeraya Soberanes...[y otros]
260 _aMéxico :
_bEl autor
_c2018
300 _a238 hojas :
_bilustraciones, tablas, gráficas, diagramas, mapas, planos, fotos
336 _2rdacontent
_atexto
_btxt
337 _2rdamedia
_ano mediado
_bn
338 _2rdacarrier
_avolumen
_bnc
500 _aGrado: 7° año Grupo: 03
502 _aViaje de Estudios
_b(EIUPA) --
_cUACh. Departamento de Ingeniería Agroindustrial,
_d2018
504 _aBibliografía: páginas 234-237
505 0 0 _aContiene 11 planos: -- 1.Distribución de áreas (Esc. 1:20) -- 2.Distribución de equipo ( Esc.1:20) -- 3.Diagrama de recorrido (Esc.1.20) -- 4.Diagrama de flujo ( Esc.1:20) -- 5.Plano de áreas café la montaña ( Esc.1:20) -- 6.Diagrama de equipo café la montaña ( Esc.1:20) -- 7.Diagrama de recorrido café la montaña ( Esc.1:20) -- 8.Distribución de áreas café cultura ( Esc.1:20) -- 9.Diagrama de equipo café cultural (Esc. 1:20) -- 10.Diagrama de recorrido café cultura (Esc.1:20) -- 11.Diagrama de flujo café la montaña y cultura (Esc. 1:20)
650 1 3 _aMiel y productos fabricados por abejas
_xIndustria y comercio
_9161677
_zColombia
650 1 0 _aProductos del café
_xIndustria y comercio
_zColombia
_9161678
650 1 0 _aCoffee products
_xIndustry and trade
_zColombia
_9161675
650 1 3 _aHoney and bee products
_xIndustry and trade
_9161676
_zColombia
700 1 _aReyna Izaguirre, Diana América
_9147338
_ecoordinadora
700 1 _aAlmeraya Soberanes, Lucero Isaura
_9161679
856 4 1 _uhttp://10.13.5.2/ve/TC765EIUPA/TC765EIUPA2018-REPORTE.pdf
_yDESCARGAR REPORTE
856 4 1 _uhttp://10.13.5.2/ve/TC765EIUPA/TC765EIUPA2018-PLANO-DIAGRAMAFLUJO.pdf
_yDESCARGAR PLANO DE DIAGRAMA DE FLUJO
856 4 1 _uhttp://10.13.5.2/ve/TC765EIUPA/TC765EIUPA2018-PLANO-VARIOSPLANOS.pdf
_yDESCARGAR VARIOS PLANOS
856 4 1 _uhttp://10.13.5.2/ve/TC765EIUPA/TC765EIUPA2018-PLANO-TERMINADOS.pdf
_yDESCARGAR PLANOS TERMINADOS
856 4 1 _uhttp://10.13.5.2/ve/TC765EIUPA/TC765EIUPA2018-PLANO-RECORRIDO.pdf
_yDESCARGAR PLANO DE RECORRIDO
856 4 1 _uhttp://10.13.5.2/ve/TC765EIUPA/TC765EIUPA2018-PLANO-DISTRIBUCIONDEAREAS.pdf
_yDESCARGAR PLANO DE DISTRIBUCIÓN DE ÁREAS
856 4 1 _uhttp://10.13.5.2/ve/TC765EIUPA/TC765EIUPA2018-PLANO-EQUIPOS.pdf
_yDESCARGAR PLANO DE EQUIPOS
901 _aT.C.765 R49 EIUPA 2018
902 _aM
905 _a5232272018 mx emdl8223123322spa16
942 _2local
942 _cVE
999 _c177616
_d177616